000
00247nam a2200097Ia 4500
008
231221s9999 xx 000 0 und d
245
0
_a
Madras law journal
260
_c
1943
_b
LexisNexis
500
_a
Gratis from NLSIU. Acc. No 11092
942
_c
BD
999
_c
238721
_d
238721